Плазмохимический синтез оксидных композиций для дисперсионного ядерного топлива; Перспективы развития фундаментальных наук; Т. 1 : Физика
| Parent link: | Перспективы развития фундаментальных наук=Prospects of Fundamental Sciences Development: сборник научных трудов XIV Международной конференции студентов, аспирантов и молодых ученых, г. Томск, 25-28 апреля 2017 г./ Национальный исследовательский Томский политехнический университет (ТПУ) ; под ред. И. А. Курзиной, Г. А. Вороновой.— , 2017 Т. 1 : Физика.— 2017.— [С. 48-50] |
|---|---|
| Autore principale: | |
| Ente Autore: | |
| Altri autori: | , |
| Riassunto: | Заглавие с экрана Article represents results on simulation of plasma treatment of mixed nitric solutions in form of watersalt- organic compositions. Authors defined optimal content of water-salt-organic composition and operational modes providing direct plasmachemical synthesis of oxide compositions for dispersion nuclear fuel. All calculated results were confirmed experimentally. |
| Lingua: | russo |
| Pubblicazione: |
2017
|
| Soggetti: | |
| Accesso online: | http://earchive.tpu.ru/handle/11683/41395 |
| Natura: | MixedMaterials Elettronico Capitolo di libro |
| KOHA link: | https://koha.lib.tpu.ru/cgi-bin/koha/opac-detail.pl?biblionumber=622645 |
MARC
| LEADER | 00000naa2a2200000 4500 | ||
|---|---|---|---|
| 001 | 622645 | ||
| 005 | 20250507150845.0 | ||
| 035 | |a (RuTPU)RU\TPU\conf\21440 | ||
| 035 | |a RU\TPU\conf\21439 | ||
| 090 | |a 622645 | ||
| 100 | |a 20170629d2017 k y0rusy50 ca | ||
| 101 | 0 | |a rus | |
| 102 | |a RU | ||
| 105 | |a y z 100zy | ||
| 135 | |a drcn ---uucaa | ||
| 181 | 0 | |a i | |
| 182 | 0 | |a b | |
| 200 | 1 | |a Плазмохимический синтез оксидных композиций для дисперсионного ядерного топлива |d Plasmachemical synthesis of oxide compositions for dispersion nuclear fuel |f Е. С. Алюков, И. Ю. Новоселов |g науч. рук. А. Г. Каренгин | |
| 203 | |a Текст |c электронный | ||
| 300 | |a Заглавие с экрана | ||
| 320 | |a [Библиогр.: с. 50 (4 назв.)] | ||
| 330 | |a Article represents results on simulation of plasma treatment of mixed nitric solutions in form of watersalt- organic compositions. Authors defined optimal content of water-salt-organic composition and operational modes providing direct plasmachemical synthesis of oxide compositions for dispersion nuclear fuel. All calculated results were confirmed experimentally. | ||
| 461 | 1 | |0 (RuTPU)RU\TPU\conf\21388 |t Перспективы развития фундаментальных наук |l Prospects of Fundamental Sciences Development |o сборник научных трудов XIV Международной конференции студентов, аспирантов и молодых ученых, г. Томск, 25-28 апреля 2017 г. |o в 7 т. |f Национальный исследовательский Томский политехнический университет (ТПУ) ; под ред. И. А. Курзиной, Г. А. Вороновой |d 2017 | |
| 463 | 1 | |0 (RuTPU)RU\TPU\conf\21389 |t Т. 1 : Физика |v [С. 48-50] |d 2017 | |
| 510 | 1 | |a Plasmachemical synthesis of oxide compositions for dispersion nuclear fuel |z eng | |
| 610 | 1 | |a труды учёных ТПУ | |
| 610 | 1 | |a электронный ресурс | |
| 610 | 1 | |a оксидное ядерное топливо | |
| 610 | 1 | |a тепловые нейтроны | |
| 610 | 1 | |a реакторы | |
| 610 | 1 | |a теплопроводность | |
| 610 | 1 | |a энергетические установки | |
| 700 | 1 | |a Алюков |b Е. С. | |
| 701 | 1 | |a Новоселов |b И. Ю. |c специалист в области ядерных технологий |c cтарший преподаватель Томского политехнического университета |f 1989- |g Иван Юрьевич |3 (RuTPU)RU\TPU\pers\32434 |9 16383 | |
| 702 | 1 | |a Каренгин |b А. Г. |c физик |c доцент Томского политехнического университета, кандидат физико-математических наук |f 1950- |g Александр Григорьевич |4 727 |9 10751 | |
| 712 | 0 | 2 | |a Национальный исследовательский Томский политехнический университет |c (2009- ) |9 26305 |
| 801 | 2 | |a RU |b 63413507 |c 20171123 |g RCR | |
| 850 | |a 63413507 | ||
| 856 | 4 | |u http://earchive.tpu.ru/handle/11683/41395 | |
| 942 | |c BK | ||